| 000 | 00820nmc a2200289 a 4500 | ||
|---|---|---|---|
| 003 | AR-BaBNM | ||
| 005 | 20251128211736.0 | ||
| 008 | 056020s2005 ||||||||||||||000 | spa|| | ||
| 020 | _a84-205-4285-7 | ||
| 040 | _cAR-BaBNM | ||
| 100 | 1 | _aCastillo Arredondo, Santiago | |
| 245 | 1 | 0 |
_aEnseña a estudiar... aprende a aprender _bdidáctica del estudio |
| 260 |
_aMadrid _bPearson-Prentice Hall _c2005 |
||
| 300 | 0 | _a382 p. | |
| 490 | 0 | _aPearson Educación | |
| 504 | _aContiene referencias bibliográficas | ||
| 650 | 4 | _aMETODOS DE ESTUDIO | |
| 650 | 4 | _aAPRENDIZAJE | |
| 650 | 4 | _aBIBLIOTECAS | |
| 653 | 0 | _aAPRENDER A APRENDER | |
| 653 | 0 | _aESTRATEGIAS DIDACTICAS | |
| 653 | 0 | _aMETACOGNICION | |
| 653 | 0 | _aNUEVAS TECNOLOGIAS | |
| 700 | 1 | _aPolanco González, Luis | |
| 942 | _cBK | ||
| 998 | _cme-solo cat | ||
| 999 |
_c20918 _d20918 |
||